| 000 | 00538nam a22002057a 4500 | ||
|---|---|---|---|
| 003 | OSt | ||
| 005 | 20151119124139.0 | ||
| 008 | 151119b xxu||||| |||| 00| 0 eng d | ||
| 020 | _a0323001505. | ||
| 040 | _cDLMN | ||
| 082 | _aWY159 W5521999. | ||
| 100 |
_aWong,L.Donna. _96211 |
||
| 245 | _aNursing Care of Innfants and Children. | ||
| 250 | _a6th ed | ||
| 260 |
_aLondon; _bMobsy, _c1999. |
||
| 300 |
_axxxvii,2119p; _bcol,ill: _c28cm. |
||
| 504 | _aincludes index and appendix. | ||
| 650 |
_anursing care. _96212 |
||
| 942 |
_2z _cSLOAN |
||
| 999 |
_c2612 _d2612 |
||